000 00982cam a22002535a 4500
001 L158003
008 131008s2013 xxk f 000 0 eng d
020 _a9781848063372
035 _a(Sirsi) u158003
041 0 _aeng
100 1 _aTilford, Adam
245 0 0 _aLessons from aimc4 for cost-effective, fabric-first, low-energy housing
_bPart 3:Technical development of the designs
260 _aWatford
_bBRE
_c2013
300 _a12p.
_bill.
_c30cm.
490 0 _aBRE Information Paper
_v(9/13)
520 _aFocuses on the development of the technical specification for the 17 homes built by the developer partners, from drawing up specific criteria for the materials and products required (including interaction between products), through to the final as-built specification.
521 _aAdvanced
583 _aKA
650 2 4 _aLOW ENERGY HOUSING
651 4 _aENGLAND AND WALES
690 _aAIMC4, LOW ENERGY HOUSING
700 1 _aGaze, Christopher
942 _n0
999 _c115069
_d115069